[Event "Buenos Aires Masters"]
[Site "Buenos Aires"]
[Date "2012.05.29"]
[Round "3"]
[White "Flores, Diego"]
[Black "Lemos, Damian"]
[Result "1/2-1/2"]
[WhiteElo "2604"]
[BlackElo "2538"]
[Annotator "Let's Check"]
[PlyCount "74"]
[EventDate "2012.05.28"]
[EventType "tourn"]
[EventRounds "7"]
[EventCountry "ARG"]
[EventCategory "13"]
[SourceTitle "CBM 149"]
[Source "ChessBase"]
[SourceDate "2012.07.17"]
[SourceVersion "1"]
[SourceVersionDate "2012.07.17"]
[SourceQuality "1"]

1. c4 Nf6 2. Nc3 e5 3. Nf3 Nc6 4. g3 Bb4 5. Bg2 O-O 6. Nd5 Bc5 7. d3 h6 8. O-O
d6 9. e3 a6 10. b3 Ba7 11. Nxf6+ Qxf6 12. Bb2 Bg4 13. h3 Bf5 14. a3 Rad8 15.
Kh2 Bh7 16. b4 Qe7 17. d4 Be4 18. d5 Nb8 19. Nh4 Bh7 20. f4 Nd7 21. e4 exf4 22.
Rxf4 Be3 23. Qe1 Bxf4 24. gxf4 Rde8 25. Qg3 f5 26. Rg1 Rf7 27. Bf3 fxe4 28. Bg4
Kf8 29. Be6 Nf6 30. f5 Nh5 31. Ng6+ Bxg6 32. Qxg6 Nf4 $2 (32... Nf6 $1 33. Qg3
Rb8 $11) 33. Qh7 $2 (33. Bxg7+ $1 Rxg7 34. Qxh6 $18) 33... Qh4 $11 34. Qg8+ $1
Kxg8 35. Rxg7+ Kf8 36. Rxf7+ Kg8 37. Rg7+ Kf8 1/2-1/2

[Event "EU-ch 13th"]
[Site "Plovdiv"]
[Date "2012.03.30"]
[Round "10"]
[White "Holzke, Frank"]
[Black "Tate, Alan"]
[Result "1-0"]
[WhiteElo "2508"]
[BlackElo "2350"]
[Annotator "Let's Check Training"]
[PlyCount "125"]
[EventDate "2012.03.20"]
[EventType "swiss"]
[EventRounds "11"]
[EventCountry "BUL"]
[SourceTitle "CBM 148"]
[Source "ChessBase"]
[SourceDate "2012.05.16"]
[SourceVersion "1"]
[SourceVersionDate "2012.05.16"]
[SourceQuality "1"]

1. c4 e5 2. Nc3 Nf6 3. Nf3 Nc6 4. g3 d5 5. cxd5 Nxd5 6. Bg2 Nb6 7. O-O Be7 8.
a3 Be6 9. d3 O-O 10. b4 f6 11. Ne4 Qd7 12. Qc2 a5 13. b5 Na7 14. a4 Nd5 15. Nc5
Bxc5 16. Qxc5 b6 17. Qc2 c6 18. bxc6 Nxc6 19. Qb2 Rac8 20. Bd2 Ncb4 21. Ne1 Na6
22. Bxd5 Bxd5 23. Qxb6 Nc5 24. Ra3 Nxa4 25. Qxa5 Ra8 26. Qb4 Rfb8 27. Qh4 Rb2
28. e4 Be6 29. Be3 Rb1 30. Nc2 Rxf1+ 31. Kxf1 Bh3+ 32. Kg1 Rc8 33. Ne1 Nc3 34.
Ra7 Qe6 $2 (34... Qg4 35. Qxg4 Bxg4 $14) {[%tqu "En","","","","e3h6","",10]}
35. Bh6 $1 $18 g6 36. Nf3 $2 (36. Rg7+ Kh8 37. Rb7 Kg8 38. Be3 h5 39. Rb6 $18)
36... Ne2+ 37. Kh1 Rb8 38. Ra1 Rd8 39. Ra3 Rb8 40. Ra1 Rd8 41. Nd2 Rc8 42. Nc4
Nd4 43. Be3 Nc2 44. Rb1 Nxe3 45. Nxe3 h5 46. Nd5 Kg7 47. Nxf6 Qxf6 48. Qxh3
Qf3+ 49. Kg1 Rf8 50. Qf1 h4 51. Re1 Qg4 52. Qe2 Qxe2 53. Rxe2 h3 54. Kf1 g5 55.
Ra2 g4 56. Ke2 Rf3 57. Ra6 Kf7 58. Rb6 Kg7 59. Re6 Rf7 60. Rxe5 Kg6 61. Rf5 $1
Ra7 62. Ke3 Ra2 63. d4 1-0

[Event "Tata Steel-B 74th"]
[Site "Wijk aan Zee"]
[Date "2012.01.29"]
[Round "13"]
[White "Potkin, Vladimir"]
[Black "L'Ami, Erwin"]
[Result "1-0"]
[WhiteElo "2684"]
[BlackElo "2596"]
[Annotator "Let's Check Training"]
[PlyCount "117"]
[EventDate "2012.01.14"]
[EventType "tourn"]
[EventRounds "13"]
[EventCountry "NED"]
[EventCategory "15"]
[SourceTitle "CBM 147"]
[Source "ChessBase"]
[SourceDate "2012.03.16"]
[SourceVersion "1"]
[SourceVersionDate "2012.03.16"]
[SourceQuality "1"]

1. c4 e5 2. Nc3 Nc6 3. Nf3 Nf6 4. g3 g6 5. Bg2 Bg7 6. O-O O-O 7. d4 exd4 8.
Nxd4 Re8 9. Bg5 h6 10. Nxc6 dxc6 11. Bf4 Be6 12. Qb3 Qc8 13. Rac1 Nd7 14. Nb1
Bf5 15. Rfe1 Nc5 16. Qa3 Ne6 17. Be3 c5 18. Nc3 Nd4 19. Qxc5 Nc2 20. Rxc2 Bxc2
21. Nd5 Qd8 22. Qxc7 Be4 23. Bxe4 Rxe4 24. Qxb7 Rxc4 25. Rd1 Qf8 26. b4 Rc2 27.
Bc5 Qb8 28. Ne7+ Kh7 29. Qe4 Rb2 $6 (29... Rxa2 30. Nxg6 fxg6) 30. h4 $18 a5
31. h5 Ra6 32. hxg6+ fxg6 {[%tqu "En","","","","e7g6","",10]} 33. Nxg6 $1 Rxg6
34. Rd6 Qxd6 35. Bxd6 axb4 36. Bxb4 Rxa2 37. e3 Ra4 38. Qb7 h5 39. Kh2 Ra2 40.
Qf7 Ra4 41. Bc3 Raa6 42. Bxg7 Rxg7 43. Qf5+ Rag6 44. e4 Kg8 45. Qd5+ Kh7 46. e5
Kh6 47. Qd2+ Kh7 48. Qd5 Kh6 49. Kh3 Rg4 50. e6 R4g6 51. Qe5 Rg8 52. Qe3+ Kh7
53. f4 h4 54. gxh4 Rg1 55. Qe4+ Kh6 56. e7 R1g3+ 57. Kh2 R3g4 58. Qe6+ Kh7 59.
Qxg4 $1 1-0

[Event "Bern op"]
[Site "Bern"]
[Date "1994.??.??"]
[Round "5"]
[White "Lobron, Eric"]
[Black "Sokolov, Andrei"]
[Result "0-1"]
[WhiteElo "2570"]
[BlackElo "2555"]
[Annotator "Lobron,E"]
[PlyCount "75"]
[EventDate "1994.02.??"]
[EventType "swiss"]
[EventRounds "9"]
[EventCountry "SUI"]
[SourceTitle "CBM 039"]
[Source "ChessBase"]
[SourceDate "1994.04.01"]
[SourceVersion "1"]
[SourceVersionDate "1994.04.01"]
[SourceQuality "1"]

1. c4 {Ambroz} e5 2. Nc3 Nf6 3. Nf3 Nc6 4. g3 d5 5. cxd5 Nxd5 6. Bg2 Nb6 (6...
Nde7 $5 {Ambroz} 7. b4 a6 8. O-O g6 9. a4 Bg7 10. Ba3 O-O 11. e3 $5 {Petursson,
M-Rajkovic,D, Komotini 1993}) 7. O-O Be7 8. a3 (8. Rb1 {Ambroz} O-O (8... f6 9.
b4 Nxb4 (9... Bxb4 10. Nxe5 $1) 10. d4 Nc6 11. dxe5 fxe5 12. Qb3 {Hodgson,
J-Polgar Z., Groningen PCA 1993}) (8... g5 $5 9. b3 h5 10. a3 h4 {Serper,
G-Kortschnoi,V, Groningen PCA 1993}) (8... a5 {>< b5}) 9. b4 a6 10. a4 Bf5 11.
b5 {Serper,G-Kamsky,G, Dortmund 1993}) 8... O-O (8... a5 {Ambroz} 9. d3 O-O 10.
Be3 Be6 11. Rc1 Qd7 $5 {Seirawan,Y-Polgar Zsu., Monaco 1993}) (8... Be6 {Ambroz
} 9. b4 Nd4 10. Rb1 Nxf3+ 11. Bxf3 c6 12. b5 O-O $5 {Hansen,L.B-Romanishin,O,
Altensteig 1993} 13. bxc6 bxc6 14. d3 (14. Bxc6 Rc8 15. Bg2 Qd7 16. Qc2 f5 $36)
14... Rb8 15. Bb2 Qd7 $10) 9. b4 Re8 (9... Be6 {Ambroz} 10. Rb1 (10. d3 f6 11.
Bb2 a5 12. b5 Na7 {/\ c6, Lobron,E-Bareev,J, Munchen 1993}) 10... f6 11. d3 Nd4
12. Bb2 (12. Be3 $5 c5 13. Ne4 Nxf3+ 14. Bxf3 cxb4 15. Nc5 $1 {Seirawan,
Y-Gurevich,M, Biel izt 1993}) 12... Nxf3+ 13. Bxf3 a5 $1 {Hertneck,G-Gurevich,
M, Deutschland 1993}) (9... a6 $6 {Ambroz} 10. d3 Re8 11. Bb2 Bf8 12. Rc1 f5
13. e4 $1 {Psakhis,L-Okopienko, Groningen-op 1993}) 10. d3 (10. Rb1 {Ambroz})
10... a5 (10... Bf8 {Ambroz} 11. Bb2 a5 12. b5 Nd4) 11. b5 Nd4 12. Bb2 (12. Rb1
) 12... c5 $2 (12... Bf8) (12... Bf8 {Ambroz} 13. Nd2 c6 14. bxc6 Nxc6 15. Rb1
$5 a4 16. Nb5 Be6 17. e3 $1 Ba2 18. Rc1 Bd5 19. Nf3 $1 $14 {Petursson,
M-Fernandez Garcia,J, Novi Sad-ol 1990}) 13. Nd2 $1 $16 Qc7 14. e3 Nf5 (14...
Ne6 $2 15. Nc4) 15. Nd5 (15. Nc4 Be6 (15... Nxc4 16. dxc4 Be6 17. Qc2 $5 Rad8 (
17... Nd6 18. Nd5) 18. Nd5 $16) 16. Qe2 $14 (16. Qc2 {Ambroz} Red8 (16... Nxc4
17. dxc4) (16... Bxc4 17. dxc4 Nxc4 18. Nd5) 17. Rfd1 $5 Bf8 (17... Bxc4 18.
dxc4 Rxd1+ 19. Rxd1 $16 Nxc4 $2 20. Nd5) 18. Ne4 $14)) 15... Nxd5 16. Bxd5 Nh6
$1 $8 (16... Bf8 17. Nc4 $16) 17. Nc4 Bf6 $8 (17... Bf8 18. b6 (18. Qh5 $2 Bg4
19. Bxe5 Qd7) 18... Qb8 19. Qh5 Bg4 20. Bxf7+ Kh8 21. Qg5 Be7 22. Qxh6 $1 $18)
18. f4 $5 (18. Bg2 $5 {/\ Dc2,b5-b6,Tac1 >< a5,c5,e5}) (18. Qh5 $2 {Ambroz} Bg4
) 18... Bh3 (18... exf4 $2 19. Bxf6 fxe3 20. Qh5 $18) (18... Qd8 19. Qf3 exf4 (
19... Bg4 20. Qg2 exf4 21. Bxf6 Qxf6 22. Bxb7 $16) 20. Bxf6 Qxf6 21. Qxf4 Qxf4
22. Rxf4 $16 {>< Sh6,b7,a5}) 19. fxe5 $1 (19. Bg2 $5 Bxg2 20. Kxg2 e4 $8 (20...
exf4 21. Bxf6 fxe3 22. Qh5 $18) 21. Bxf6 gxf6 22. Qh5 Kg7 23. f5 $5 exd3 24.
Rf4 $40) (19. Rf2 {Ambroz} Ng4 20. Rf3 $13) 19... Bxf1 (19... Bxe5 20. Nxe5
Rxe5 21. Bxe5 Qxe5 22. Qf3 Bxf1 23. Rxf1 $18) 20. exf6 $1 (20. Qxf1 Rxe5 $1 $8
(20... Bxe5 21. Nxe5 Rxe5 22. Qf4 Re7 (22... Rae8 {Ambroz} 23. Bxe5 Rxe5 24. d4
cxd4 25. exd4 Re7 (25... Qc3 26. Rf1) 26. Qxc7 Rxc7 27. b6 Rd7 28. Rc1 Kf8 29.
Bf3 $16) 23. Qg5 $18) 21. Nxe5 (21. b6 Qe7) 21... Bxe5 22. Bxe5 Qxe5 $13) 20...
Rad8 $8 (20... Bh3 21. Qh5 $18 {/\ Dg5}) 21. b6 $2 (21. e4 $1 Be2 22. Qd2 (22.
Qxe2 Rxd5 23. Qf3 $16 (23. fxg7 $44 {Ambroz}) (23. Bc1 $5 Qd8 24. Bxh6 (24.
fxg7) 24... gxh6 25. Ne3 Rg5 (25... Rxd3 $4 26. Qg4+ Kh8 27. Qg7#) 26. Rf1 $44)
) 22... Rxd5 23. exd5 Qd7 24. Re1 Bf3 25. Ne5 $18) 21... Qd7 (21... Qc8 $2 22.
Bxb7 Qxb7 23. Qxf1 $16) 22. e4 Be2 $1 $8 (22... Bh3 23. Ne5 Qb5 (23... Qd6 24.
Qh5) 24. Qd2 {/\ Dg5}) 23. Qd2 (23. Qxe2 Qxd5 24. Rd1 (24. Qe3 Ng4) 24... Rxe4
25. Ne3 Re6 $19) 23... Qh3 (23... Bh5 {Ambroz}) 24. Ne3 (24. fxg7 {Ambroz} Rxd5
25. Qxe2 (25. exd5 Ng4) 25... Ng4 $13) 24... Qh5 (24... Bf3 25. Rf1 $18) 25.
Re1 Bf3 26. fxg7 $16 Ng4 $8 {>< Sh6} 27. Nxg4 (27. Rf1 {Ambroz} Nxe3 28. Qxe3 (
28. Bxf7+ Qxf7 29. Qxe3 Qb3) 28... Rxd5 29. Rxf3 Rf5 $1 $17) (27. Nf5 {Ambroz}
Rxd5 28. Nh6+ (28. exd5 Qxh2+ $1 29. Qxh2 Rxe1#) 28... Qxh6 $19) 27... Qxg4 (
27... Bxg4 28. Qxa5 Bf3 29. Rf1 Rxd5 30. exd5 Bxd5 31. Qxc5 $16) 28. Qf2 $1 (
28. Rf1 $142 {Ambroz} Rxd5 29. exd5 Re2 $2 (29... Bxd5) 30. Re1 $1 {>< e8})
28... Qh5 $8 {>< f7} 29. h3 $2 $138 (29. Bxb7 $142 $1 Rxd3 (29... Rb8 30. Bd5
Rxb6 31. Rf1 Reb8 32. Qxf3 Qxf3 33. Rxf3 Rxb2 34. Rxf7 $18) 30. Bc6 Rb8 (30...
Red8 31. b7 $18) 31. b7 $18) (29. Rf1 $142 {Ambroz} Rxd5 30. Qxf3 (30. exd5 Re2
31. Re1 $1 Qxh2+ 32. Qxh2 Rxe1+ 33. Kf2 Re2+ 34. Kxf3 $1 (34. Kg1 $10) 34...
Rxh2 35. d6 $1 $18) 30... Qxf3 31. Rxf3 Rd6 $17) 29... Rd6 (29... Qxh3 30.
Bxf7+ Kxf7 31. Qxf3+ Kg8 32. Rf1 Qe6 33. a4 $14) (29... h6 {Ambroz}) 30. Re3 $2
(30. Rf1 $142 Rxd5 $8 31. exd5 Bxd5 32. Qxc5 $16) (30. Rf1 {Ambroz}) 30... Bd1
31. g4 Qg6 32. Bc4 $2 (32. Re1 Bxg4 33. hxg4 Qxg4+ 34. Kf1 Qh3+ 35. Qg2 Qxg2+
36. Kxg2 Rxd5 $19) (32. Qd2 $1 Rxb6 33. Qxd1 Rxb2 34. Rf3 Re7 35. Qa4 Kxg7 (
35... Qxg7 36. Rxf7 Rxf7 37. Qe8+ Qf8 38. Bxf7+ Kg7 39. Qe5+ $14) 36. Qxa5 Qb6
37. Qc3+ $44) 32... Rxb6 33. Bc3 $2 (33. a4 $142 Bb3 (33... Bxa4 34. Rf3) 34.
Bb5 $13) 33... Bb3 $17 34. Bxa5 Rf6 35. Rf3 $2 Rxf3 36. Qxf3 Bxc4 37. dxc4 Qxe4
38. Kf2 $138 0-1

[Event "Olympiad-31"]
[Site "Moscow"]
[Date "1994.12.02"]
[Round "2.1"]
[White "Lalic, Bogdan"]
[Black "Spraggett, Kevin"]
[Result "1-0"]
[WhiteElo "2530"]
[BlackElo "2530"]
[Annotator "Lysenko"]
[PlyCount "85"]
[EventDate "1994.12.01"]
[EventType "team-swiss"]
[EventRounds "14"]
[EventCountry "RUS"]
[SourceTitle "CBM 045"]
[Source "ChessBase"]
[SourceDate "1995.04.01"]
[SourceVersion "1"]
[SourceVersionDate "1995.04.01"]
[SourceQuality "1"]
[WhiteTeam "Croatia"]
[BlackTeam "Canada"]
[WhiteTeamCountry "CRO"]
[BlackTeamCountry "CAN"]

1. c4 {Ribli} e5 2. Nc3 Nc6 3. Nf3 Nf6 4. g3 Bb4 5. Bg2 O-O 6. O-O Bxc3 7. bxc3
e4 8. Nd4 Re8 9. d3 h6 (9... exd3 {Ribli} 10. exd3 Nxd4 $6 (10... h6 $5) 11.
cxd4 d6 12. Rb1 Rb8 13. Qa4 $14 {Uhlmann,W-Krasenkov,M/Bundesliga1992/INF54,
(40)/}) 10. c5 $1 (10. dxe4 $5 Nxe4 11. Qc2 d5 $1 12. cxd5 Qxd5 13. e3 (13. Rd1
$14 {Ribli Portisch,L-Salov,V/Tilburg/1994/CBM44/INF61,(33)/}) 13... Na5 $5 $10
14. f3 Nd6 15. e4 Qc5 16. Be3 Ndc4 17. Bf2 Qe7 18. Rad1 Bd7 $132 {Kasparov,
G-Karpov,A/Sevilla(Wm/16)/1987/0:1/43/}) 10... Nxd4 (10... Qe7 $2 {Ribli} 11.
Nb5 $36) (10... exd3 $5 11. exd3 {Ribli} Nxd4 12. cxd4 d5 13. Rb1 $14) 11. cxd4
d5 12. cxd6 Qxd6 (12... exd3 {Ribli} 13. Qxd3 Qxd6 14. e4 $14) 13. dxe4 Nxe4
14. Bf4 $14 {White has the advantage of 2B and can hope, that his own
P-majority is much quicker than Black's. So White intends to play e2-e4, but
is able to make pressure in the b-file and in the c-file against the black
pawns on the queenside..} Qe7 (14... Qd8 $2 {Ribli} 15. Qc2 Nd6 16. e4 $14) 15.
Qc1 c6 (15... Ng5 $5 16. Bxc7 (16. Qxc7 Qxe2) (16. Bxg5 hxg5 17. e4 $14) 16...
Bg4 17. f3 Rac8 $13) 16. Rb1 Bf5 17. g4 $1 Bg6 (17... Bxg4 18. f3 g5 19. fxe4
gxf4 20. Qxf4 Bxe2 21. Rf2 Bh5 22. Qxh6 $40) 18. f3 Nd6 (18... Ng5 {Ribli} 19.
e4 Ne6 20. Be3 $14) 19. e4 $16 Rad8 (19... Nb5 {Ribli} 20. d5 $14) 20. a4 Rd7
21. Qc5 Nc8 22. Rb4 $1 Red8 (22... Qxc5 23. dxc5 b6 24. Rc1) 23. Qxe7 Rxe7 24.
a5 a6 25. Rfb1 Rdd7 26. Bb8 $1 $18 (26. Bh3 $5 {Ribli /\ g5 +/=}) 26... f6 27.
Bh3 Bf7 28. g5 Be6 29. gxf6 gxf6 30. Bxe6+ Rxe6 31. Rxb7 Rxd4 32. Ba7 $1 Rc4 (
32... Nxa7 33. Rxa7 Rd8 (33... Re8 {Ribli} 34. Kf2 $16) 34. Rxa6 $18) 33. Rb8
Re8 34. Ra8 (34. Kf2 $5 {Ribli}) 34... Kf7 35. Rbb8 Nd6 36. Rxe8 Nxe8 37. Bb6
c5 38. Rxa6 Rc2 39. Ra8 Nd6 40. a6 Nc4 41. Bxc5 Ne5 42. Rf8+ Kg7 43. a7 (43. a7
Nxf3+ 44. Kf1 Rd2 (44... Nxh2+ {Ribli} 45. Ke1 Nf3+ 46. Kd1 $18) 45. Bf2 $18 (
45. a8=Q $4 {Ribli} Nxh2+ 46. Ke1 Nf3+ 47. Kf1 $10)) 1-0

[Event "EU-ch 12th"]
[Site "Aix les Bains"]
[Date "2011.03.22"]
[Round "1"]
[White "Zueger, Beat"]
[Black "Sutovsky, Emil"]
[Result "0-1"]
[WhiteElo "2417"]
[BlackElo "2692"]
[Annotator "Marchand,A/Primel,D"]
[PlyCount "62"]
[EventDate "2011.03.22"]
[EventType "swiss"]
[EventRounds "11"]
[EventCountry "FRA"]
[SourceTitle "CBM 142 Extra"]
[Source "ChessBase"]
[SourceDate "2011.06.27"]
[SourceVersion "1"]
[SourceVersionDate "2011.06.27"]
[SourceQuality "1"]
[TimeControl "40/5400+30:1800+30"]

1. c4 Nf6 2. Nc3 e5 3. Nf3 Nc6 4. g3 Nd4 $5 {Une ligne agressive dans le style
de l'israelien} (4... Bb4) (4... d5) 5. Bg2 (5. Nxe5 Qe7 {[%csl Re1][%cal
Gd4f3] L'idée de la variante Nd4}) 5... Nxf3+ 6. Bxf3 Bc5 (6... Bb4 7. Qb3 Bc5
(7... a5 8. O-O O-O 9. d3 d6) 8. O-O O-O 9. Na4 Be7 10. Rd1 c6) 7. d3 ({RR} 7.
O-O O-O 8. e3 Bb4 ({RR} 8... d6 9. d4 Bb4 10. Ne2 e4 11. Bg2 c6 12. a3 Ba5 13.
b4 Bb6 14. d5 cxd5 15. cxd5 Re8 16. Bb2 Ng4 17. Nf4) 9. Bg2 Bxc3 10. bxc3 c6
11. e4 Re8 12. a4 d6 13. d3 Bg4 14. f3 Bh5 15. Rb1 b6 16. a5 Nd7 17. axb6 axb6
18. Rf2 f6 19. Rfb2 Bf7 20. Be3 Ra6 21. f4 Qc7 {Ivanchuk,V (2725)-Seirawan,Y 
(2630)/Groningen 1997/CBM 063/1/2-1/2}) 7... h6 8. g4 $6 $146 ({RR} 8. h4 c6 ({
RR} 8... d6 9. b4 Bd4 10. Bd2 O-O 11. e3 Bxc3 12. Bxc3 Qd7 13. O-O Re8 14. Bg2
d5 15. Qb3 dxc4 16. Qxc4 c6 17. a4 Qf5 18. e4 Qg6 19. b5 Bd7 20. Rfe1 Rac8) 9.
g4 d5 10. g5 hxg5 11. Bxg5 Qb6 12. O-O Bh3 13. Na4 Qa5 14. Nxc5 Qxc5 15. cxd5
Bxf1 16. dxc6 Bh3 17. cxb7 Rb8 18. Rc1 Qa5 19. Bd2 Qa6 20. Rc6 Qxb7 21. Rxf6
Qe7 22. Ra6 Qxh4 {Bacrot,E (2645)-Sutovsky,E (2639)/playchess.com INT 2003/EXT
2004/0-1 (44)}) 8... c6 9. Bd2 O-O 10. g5 hxg5 11. Bxg5 Be7 12. Qd2 (12. Rg1
Nh7 13. Bh6 Bf6 14. Ne4 $36) (12. h4) 12... Nh7 13. Bxe7 Qxe7 14. h4 f5 15.
O-O-O $32 {[%csl Ra8,Rc8]} d6 16. Rdg1 Be6 17. h5 Rad8 18. Rg6 $36 {[%cal
Gh1g1]} (18. h6 g5 $13) 18... Rf6 19. Rhg1 (19. Rg2 $142 {[%cal Gh1g1]}) 19...
Rxg6 20. hxg6 Nf8 21. e4 f4 22. Qe2 Qh4 23. Qf1 Qh6 24. Qg2 Qh3 25. Qg5 Re8 26.
Bh5 Nd7 27. Kd2 Rf8 28. Qe7 $2 (28. Bg4 Bxg4 29. Qxg4 Qxg4 30. Rxg4) 28... Rf6
$1 {[%csl Rh5]} 29. Be2 (29. Nd5 $5 cxd5 30. cxd5 {[%csl Re6]} Nc5 31. dxe6)
29... f3 30. Bd1 Qh2 31. Rf1 Qg2 0-1

[Event "Moscow Tal Memorial 7th"]
[Site "Moscow"]
[Date "2012.06.08"]
[Round "1"]
[White "Aronian, Levon"]
[Black "Nakamura, Hikaru"]
[Result "1-0"]
[WhiteElo "2825"]
[BlackElo "2775"]
[Annotator "Marin,M"]
[PlyCount "105"]
[EventDate "2012.06.08"]
[EventType "tourn"]
[EventRounds "9"]
[EventCountry "RUS"]
[EventCategory "22"]
[SourceTitle "CBM 149"]
[Source "ChessBase"]
[SourceDate "2012.07.17"]
[SourceVersion "1"]
[SourceVersionDate "2012.07.17"]
[SourceQuality "1"]

1. c4 e5 2. Nc3 Nf6 3. Nf3 Nc6 4. g3 d5 5. cxd5 Nxd5 6. Bg2 Nb6 7. O-O Be7 8.
d3 O-O 9. Be3 $5 {Aronian refrains from the ambitious plan based on an early
advance of the b-pawn (with or without d2-d3 in between), which has been long
considered White's main chance for an advantage. Instead, he chooses a setup
that is typical for the Classical Dragon. Well, having an extra tempo with
reversed colours in what is considered a safe line for Black cannot hurt.} f5 (
9... Be6 {is more popular. Here is an example at a high level from recentt
years; true, it was played in a rapid game.} 10. Rc1 ({One of the main
problems when playing lines with reversed colours is that what is excellent
for Black does not always suit White. For instance, the freeing break} 10. d4 {
leads to easy equality, but nothing more than that.} exd4 11. Nxd4 Nxd4 12.
Qxd4 Qxd4 {1/2 Morovic Fernandez,I (2540)-Sokolov,A (2605)/Las Palmas 1989/EXT
1997}) 10... f6 11. a3 Nd4 12. Ne4 Bb3 13. Qd2 Nxf3+ 14. Bxf3 Bd5 15. Qc2 c6
16. Nd2 Kh8 17. Rfd1 f5 18. b4 {Black somehow did not manage to neutralise
White's queenside play and his kingside attack is not easy to develop.} Bg5 19.
Bxg5 Qxg5 20. a4 Qe7 21. a5 Bxf3 22. Nxf3 e4 23. dxe4 fxe4 24. Nd2 e3 25. axb6
exd2 26. Rxd2 axb6 27. Rd4 $14 {Ivanchuk,V (2779)-Kramnik,V (2759)/Nice 2009/
CBM 129 Extra (1/2, 65)}) 10. Rc1 Kh8 {It is interesting that Nakamura delays
the development of his c8-bishop, probably fearing the standard manoeuvre
Nc3-a4-c5.} ({Aronian had faced} 10... Be6 {a ve-e-ery long time ago:} 11. a3
f4 {This hands over the e4-square too easily.} (11... Bf6 {spares White any
worries about ...f5-f4, allowing} 12. Nd2 {with some lasting queenside
pressure:} Rb8 13. Bc5 Re8 14. b4 Qd7 15. Nb3 {Szabo,L-Kluger,G/Budapest 1954/
MCD (1-0, 46)}) 12. Bd2 g5 $6 13. Ne4 Nd7 14. Rxc6 $1 {This is a well-known
trick from the Classical Dragon.} bxc6 15. Bc3 $14 {Aronian,L (2455)-Del Rio
Angelis,S (2395)/Linares 1998/CBM 062 ext (1-0, 34)}) 11. a3 Bf6 ({As
mentioned above,} 11... Be6 {can be met with} 12. Na4 {, see for instance
Ibragimov,I (2540)-Schwartzman,G (2455)/Odorheiu Secuiesc 1993/CBM 036/[Belov]
(1-0, 51)}) 12. Bc5 {Immediately taking the available space.} ({With the
b7-pawn defended (...Be6 not played yet) Szabo's manoeuvre} 12. Nd2 {is less
effective because of} Nd4 {followed by ...c6.}) 12... Re8 13. b4 Be6 {Now that
there is no danger of Na4-c5, Black finally develops his bishop. Still, White
has made some significant progress in the meanwhile.} 14. Re1 $5 $146 {A
hyper-flexible, but maybe too slow move.} (14. Nd2 {worked out well in the
only previous game with this position:} Nd5 $6 {Inviting White to carry out a
favourable operation in the centre.} (14... a6 $5) 15. Nxd5 Bxd5 16. e4 fxe4
17. Nxe4 $14 {With excellent piece play for White in Onischuk,A (2495)
-Fogarasi,T (2440)/Budapest 1993/CBM 037 ext (1-0, 75)}) ({If Aronian wanted
to play e2-e4 anyway, I believe that} 14. e4 {would have been a more
restrictive move order.}) 14... Qd7 ({Black could have tried} 14... Nd7 {
when after} 15. e4 Nxc5 16. bxc5 {the queenside structural modifications do
not favour White.}) 15. e4 $14 {Everything returns to normal now. White has a
very pleasant position.} a6 {Black cannot prevent White from installing his
queen's knight on e4.} (15... f4 $6 16. gxf4 exf4 17. d4 $16 {leaves White
with a massive centre.}) (15... g6 $6 {does not really keep the control over
e4, since after} 16. exf5 gxf5 $6 17. b5 {White wins a pawn.}) 16. Bh3 $6 {
This is asking too much.} ({After the simple} 16. exf5 Bxf5 17. Ne4 $14 {
White has a great position. For instance, the threat against the d3-pawn
created with} Rad8 {can be parried with} 18. Nfg5 {, in view of the possible
fork on f7.}) 16... g6 $1 $11 {Now White can forget about the e4-square, while
the weaknesses induced by Black's last move are not too relevant.} (16... fxe4
17. Bxe6 Qxe6 18. Nxe4 $14 {Still, I prefer the position from the previous
comment, with the bishops on the board.}) (16... Nd4 17. Bxd4 exd4 18. Ne2 fxe4
19. Bxe6 Rxe6 (19... Qxe6 20. dxe4 Qxe4 21. Nf4 Qf5 22. Rxc7 $36) 20. Nf4 Ree8
21. dxe4 $14 {[%csl Gd3]}) ({In fact, the centralising} 16... Rad8 {would have
been entirely possible.} 17. exf5 Bxf5 18. Bxf5 Qxf5 19. Ne4 Nd5 {For once,
Black's activity compensates for the strong e4-knight.}) 17. Be3 Qg7 18. Ng5 {
Played apparently without a clear plan.} (18. Qc2 $5) 18... Bg8 19. Nf3 {
The knight has nothing to do on g5 and is exposed to ...f5-f4. Besides, the
d4-square is crying for defence.} f4 $5 {Black does not care for a repetition
of moves already.} 20. Bxb6 cxb6 21. Nd5 g5 $2 (21... Rad8 22. Nxb6 h5 $44 {
[%cal Gg6g5]} ({After the careless} 22... g5 $6 23. Bg4 $1 {Black cannot
unblock his kingside easily.})) 22. Bd7 $1 {What a shock! Black is in trouble
already.} Re6 $5 {Desperation.} (22... Red8 23. Bxc6 bxc6 24. Rxc6 {I find
this best.} ({The greedy} 24. Nxb6 Ra7 25. Rxc6 g4 {offers Black some play for
the pawns.}) 24... Bxd5 25. exd5 Rxd5 26. Qc2 $36 {White's pieces are more
active and his king is safer.}) 23. Bxe6 Bxe6 24. Nxf6 Qxf6 25. Rxc6 $5 {
A technical decision, in the spirit of another great Armenian player, Tigran
Vartanovich Petrosian.} bxc6 26. Qa1 $18 {White wins the central pawn and,
inevitably, the game.} a5 27. Qxe5 Qxe5 28. Nxe5 axb4 29. axb4 c5 30. bxc5 bxc5
31. gxf4 gxf4 32. Kg2 Ra3 33. Kf3 c4 34. Kxf4 cxd3 35. Rd1 Ra2 36. Nxd3 Bc4 37.
f3 Rxh2 38. Ne5 Ba2 39. Rd7 Rh6 40. Nf7+ Bxf7 41. Rxf7 Kg8 42. Rf5 Rh1 43. e5
h5 44. Rg5+ Kf8 45. Kf5 h4 46. Rh5 Kg7 47. f4 h3 48. Ke6 Kg6 49. Rg5+ Kh6 50.
Kf5 Rh2 51. Rg8 Rh1 52. e6 h2 53. Rg2 1-0